Teach yourself visually Office 2008 for Mac (Record no. 33189)

MARC details
000 -LEADER
fixed length control field 00429nam a22001697a 4500
005 - DATE AND TIME OF LATEST TRANSACTION
control field 20230803103229.0
008 - FIXED-LENGTH DATA ELEMENTS--GENERAL INFORMATION
fixed length control field 230803b |||||||| |||| 00| 0 eng d
020 ## - INTERNATIONAL STANDARD BOOK NUMBER
ISBN 9780470485033
082 ## - DEWEY DECIMAL CLASSIFICATION NUMBER
Classification number 005.5
Item number MCF-T
100 ## - MAIN ENTRY--AUTHOR
Author Name McFedries,Paul
245 ## - TITLE STATEMENT
Title Teach yourself visually Office 2008 for Mac
260 ## - PUBLICATION, DISTRIBUTION, ETC.
Place of Publication USA
Name of publisher, distributor, etc. Wiley
Date of publication, distribution, etc. 2009
300 ## - PHYSICAL DESCRIPTION
Pages 400 pages
500 ## - GENERAL NOTE
General note Include Index.
650 ## - SUBJECT ADDED ENTRY--TOPICAL TERM
Subject / Department Microsoft Office
952 ## - LOCATION AND ITEM INFORMATION (KOHA)
-- 0
-- 0
Holdings
Lost status Damaged status Permanent Location Current Location Shelving Location Date acquired Full Call Number Accession No./Barcode Date last seen item type
    Superior Information Resource Center (SIRC) Superior University- Gold Campus Superior Information Resource Center (SIRC) Superior University- Gold Campus Microsoft Office 08/03/2023 005.MCF-T 2009 19558 08/03/2023 BOOK

Powered by Koha